Basic statistics for the health sciences (Record no. 2264)

MARC details
000 -LEADER
fixed length control field 00633nam a22002297a 4500
003 - CONTROL NUMBER IDENTIFIER
control field OSt
005 - DATE AND TIME OF LATEST TRANSACTION
control field 20150916001145.0
008 - FIXED-LENGTH DATA ELEMENTS--GENERAL INFORMATION
fixed length control field 150916b xxu||||| |||| 00| 0 eng d
020 ## - INTERNATIONAL STANDARD BOOK NUMBER
International Standard Book Number 9780071112482
040 ## - CATALOGING SOURCE
Transcribing agency DNLM
082 ## - DEWEY DECIMAL CLASSIFICATION NUMBER
Classification number WA900 K969b 2005
100 ## - MAIN ENTRY--PERSONAL NAME
Personal name Kuzma, Jan W.
9 (RLIN) 5739
245 ## - TITLE STATEMENT
Title Basic statistics for the health sciences
250 ## - EDITION STATEMENT
Edition statement 5th ed.
260 ## - PUBLICATION, DISTRIBUTION, ETC. (IMPRINT)
Place of publication, distribution, etc. Boston;
Name of publisher, distributor, etc. Mcgraw-hill,
Date of publication, distribution, etc. 2005
300 ## - PHYSICAL DESCRIPTION
Extent xv,384p;
Other physical details ill:
Dimensions 24cm
504 ## - BIBLIOGRAPHY, ETC. NOTE
Bibliography, etc Answers, bibliography, & index included
650 ## - SUBJECT ADDED ENTRY--TOPICAL TERM
Topical term or geographic name as entry element Statistics
9 (RLIN) 1274
650 ## - SUBJECT ADDED ENTRY--TOPICAL TERM
Topical term or geographic name as entry element Health sciences
9 (RLIN) 5740
700 ## - ADDED ENTRY--PERSONAL NAME
Personal name Bohnenblust, Stephen E.
9 (RLIN) 5741
942 ## - ADDED ENTRY ELEMENTS (KOHA)
Source of classification or shelving scheme Other/Generic Classification Scheme
Koha item type Open Shelf
Holdings
Withdrawn status Lost status Source of classification or shelving scheme Damaged status Not for loan Home library Current library Date acquired Source of acquisition Inventory number Total Checkouts Full call number Barcode Date last seen Koha item type
    Other/Generic Classification Scheme     MUST Main Library MUST Main Library 16/09/2015   11/34457   WA900 K969b 2005 2015-2260 16/09/2015 Open Shelf
    Other/Generic Classification Scheme     MUST Main Library MUST Main Library 03/02/2016   15/39443   WA900 K969b 2005 2016-0049 03/02/2016 Open Shelf
    Other/Generic Classification Scheme     MUST Main Library MUST Main Library 27/06/2016   11/34454   WA900 K969b 2005 2016-2726 27/06/2016 Open Shelf